Music Quiz

Random Music Quiz

U2 : Two, Three Four! Quiz Stats

Quiz not verified by Sporcle

Challenge
Share
Tweet
Embed
Score 0/36 Timer 07:00
0 Plays Today
Album Song % Correct
The Joshua Tree(3)With or Without You
92.4%
The Joshua Tree(2)I Still Haven't Found What I'm Looking For
91.1%
Achtung Baby (2)Even Better than the Real Thing
88.6%
All That You Can't Leave Behind (3)Elevation
88%
Achtung Baby (3)One
88%
The Joshua Tree(4)Bullet the Blue Sky
86.7%
War (3)New Year's Day
83.5%
The Unforgettable Fire (2)Pride (In the Name of Love)
82.9%
Rattle and Hum (3)Desire
80.4%
No Line on the Horizon (2)Magnificent
80.4%
Zooropa (4)Lemon
79.1%
Zooropa (3)Numb
78.5%
All That You Can't Leave Behind (4)Walk On
77.8%
All That You Can't Leave Behind (2)Stuck in a Moment You Can't Get Out Of
77.2%
How To Dismantle an Atomic Bomb (2)Miracle Drug
76.6%
How To Dismantle an Atomic Bomb (3)Sometimes You Can't Make it On Your Own
74.7%
Achtung Baby (4)Until the End of the World
74.1%
The Unforgettable Fire (4)The Unforgettable Fire
72.2%
Album Song % Correct
War (2)Seconds
71.5%
Pop (3)MOFO
70.3%
Boy (3)An Cat Dubh
69.6%
Rattle and Hum(2)Van Diemen's Land
69.6%
Zooropa (2)Babyface
69.6%
Boy (2)Twilight
65.8%
The Unforgettable Fire (3)Wire
65.2%
No Line on the Horizon (3)Moment of Surrender
64.6%
Pop (2)Do You Feel Loved
63.3%
How To Dismantle an Atomic Bomb (4)Love and Peace or Else
63.3%
October (3)I Threw A Brick Through a Window
62.7%
No Line on the Horizon (4)Unknown Caller
62%
War (4)Like a Song
61.4%
Boy (4)Into the Heart
58.9%
October (2)I Fall Down
57%
Rattle and Hum (4)Hawkmoon 269
57%
Pop (4)If God Will Send His Angels
55.7%
October (4)Rejoice
53.2%

You're not logged in!

Compare scores with friends on all Sporcle quizzes.
Join for Free
OR
Log In

You Might Also Like...

Show Comments

Extras

Top Quizzes Today


Score Distribution

Your Account Isn't Verified!

In order to create a playlist on Sporcle, you need to verify the email address you used during registration. Go to your Sporcle Settings to finish the process.

Report this User

Report this user for behavior that violates our Community Guidelines.

Details: